| 000 | 00360nam a2200133Ia 4500 | ||
|---|---|---|---|
| 008 | 220204s9999 xx 000 0 und d | ||
| 082 |
_a657.4 _bDEC |
||
| 100 | _aDecoster, Don T | ||
| 245 | 0 | _aManagement accounting: A decision emphasis | |
| 260 |
_aNew York _bJohn Wiley _c1976 |
||
| 650 | _aManagement accounting | ||
| 700 | _aSchafer, Eldon L | ||
| 942 | _cBK | ||
| 999 |
_c30506 _d30506 |
||